[Event "Kuwait Rapid op"]
[Site "Kuwait"]
[Date "2023.12.02"]
[Round "8"]
[White "Mithilesh, Ranjithkumar"]
[Black "Mosa, Hamad"]
[Result "1-0"]
[WhiteElo "1645"]
[BlackElo "1312"]
[PlyCount "39"]
[EventDate "2023.12.02"]
[EventType "swiss (rapid)"]
[EventRounds "9"]
[EventCountry "KUW"]
[SourceTitle "CB50_2023"]
[SourceDate "2023.12.13"]
[SourceVersion "1"]
[SourceVersionDate "2023.12.13"]
[SourceQuality "1"]

1. e4 e6 2. d4 d5 3. exd5 exd5 4. Nf3 Nc6 5. h3 Bd6 6. Bd3 h6 7. 0-0 Nge7 8. Re1 0-0 9. c3 Ng6 10. Bc2 a5 11. Be3 b5 12. Bd3 Rb8 13. Qb3 a4 14. Qc2 Na5 15. Nbd2 Nf4 16. Bxf4 Bxf4 17. Ne5 Qg5 18. Bh7+ Kh8 19. Nxf7+ Rxf7 20. Re8+ 1-0

[Event "Kuwait Rapid op"]
[Site "Kuwait"]
[Date "2023.12.02"]
[Round "7"]
[White "Mosa, Hamad"]
[Black "Adly, Ibrahim"]
[Result "1-0"]
[WhiteElo "1312"]
[BlackElo "1629"]
[PlyCount "97"]
[EventDate "2023.12.02"]
[EventType "swiss (rapid)"]
[EventRounds "9"]
[EventCountry "KUW"]
[SourceTitle "CB50_2023"]
[SourceDate "2023.12.13"]
[SourceVersion "1"]
[SourceVersionDate "2023.12.13"]
[SourceQuality "1"]

1. e4 c5 2. Nf3 Nc6 3. d4 cxd4 4. Nxd4 e6 5. Nc3 Bc5 6. Ndb5 d6 7. Bf4 e5 8. Bg3 a6 9. Na3 b5 10. Nd5 Nf6 11. Bh4 Be6 12. Bxf6 gxf6 13. Nb1 f5 14. Nbc3 fxe4 15. Nxe4 Bxd5 16. Qxd5 Nb4 17. Qd1 Qb6 18. a3 Nc6 19. b4 Nxb4 20. axb4 Bxb4+ 21. c3 Qc6 22. cxb4 Qxe4+ 23. Be2 Qxb4+ 24. Kf1 Ke7 25. Qd5 Rhc8 26. g3 Qd4 27. Qxd4 exd4 28. Rd1 Rab8 29. Rxd4 Rc1+ 30. Kg2 Rxh1 31. Kxh1 Ke6 32. f4 Rc8 33. Rd2 d5 34. f5+ Ke5 35. Ra2 Rc6 36. g4 Rb6 37. Kg2 f6 38. Kg3 h6 39. h4 Kd4 40. Bf3 Rd6 41. Re2 a5 42. Re6 Rd7 43. Rxf6 a4 44. Ra6 Kc3 45. g5 hxg5 46. hxg5 a3 47. Rxa3+ Kb2 48. Ra5 b4 49. Rxd5 1-0